Riconosci la Squadra di calcio - Quiz n°17 - Statistics

Statistiche generali
  • Questo quiz è stato fatto 61 volte
  • Il punteggio medio è 6 su 9
Statistiche sulle risposte
Indizio Risposta % Corretto
Colori sociali Giallo, blu
98%
Titoli nazionali 28 A' Katīgoria
93%
Confederazione UEFA
71%
Trofei nazionali 21 Coppe di Cipro 14 Supercoppe di Cipro
69%
Divisione nazionale 2023-2024 Prima
64%
Fondazione 1926
62%
Capienza Stadio 22 859 posti
62%
Trofei internazionali 0
58%
Squadra APOEL
49%
Nessun quiz corrispondente trovato
Distribuzione punteggi
Percentuale di utenti per punteggio
Percentile per numero di risposta
I tuoi punteggi nel tempo
Non hai fatto questo quiz